Storm in the night /

While sitting through a fearsome thunderstorm that has put the lights out, Thomas hears a story from Grandfather's boyhood, when Grandfather was afraid of thunderstorms.

Bibliographic Details
Main Author: Stolz, Mary, 1920-2006
Other Authors: Cummings, Pat
Format: Book
Language:English
Published: New York : Harper & Row, [1988]
Edition:[1st ed.].
Subjects:

MARC

Tag First Indicator Second Indicator Subfields
LEADER 00000cam a2200000 a 4500
001 in00000033465
005 20151007060632.0
008 870515s1988 nyua j 00011 eng
010 |a  85045838  
020 |a 0060259124 :  |c $11.95 
020 |a 0060259132 (lib. bdg.) :  |c $11.89 
035 |a (OCoLC)15790561 
035 |9 AAC1331AM 
040 |a DLC  |c DLC  |d TXA  |d UtOrBLW 
049 |a [Curr Col] TXAM  |c 1 [A11694291]  |c 2 [A11919837] 
050 0 0 |a PZ7.S875854  |b St 1988 
082 0 |a [E]  |2 19 
100 1 |a Stolz, Mary,  |d 1920-2006. 
245 1 0 |a Storm in the night /  |c Mary Stolz ; illustrated by Pat Cummings. 
250 |a [1st ed.]. 
264 1 |a New York :  |b Harper & Row,  |c [1988] 
264 4 |c ©1988 
300 |a 32 unnumbered pages :  |b color illustrations ;  |c 22 x 26 cm. 
336 |a text  |b txt  |2 rdacontent 
337 |a unmediated  |b n  |2 rdamedia 
338 |a volume  |b nc  |2 rdacarrier 
520 |a While sitting through a fearsome thunderstorm that has put the lights out, Thomas hears a story from Grandfather's boyhood, when Grandfather was afraid of thunderstorms. 
586 |a Coretta Scott King Illustrator Honor Book, 1989 
650 1 |a Thunderstorms  |x Fiction. 
650 1 |a Grandfathers  |x Fiction. 
650 1 |a Fear  |x Fiction. 
650 1 |a African Americans  |v Fiction. 
700 1 |a Cummings, Pat. 
999 |a MARS 
999 f f |s 76745f31-5350-35c1-bd74-d7b7b78ea249  |i 34c3f1c8-ef86-3f1d-af27-5863f2ba8876  |t 0 
952 f f |p ric  |a Texas A&M University  |b Rellis Campus  |c Joint Library Facility  |d Remote Storage  |t 0  |e PZ7.S875854 St 1988  |h Library of Congress classification  |i unmediated -- volume  |m A14811919837 
998 f f |a PZ7.S875854 St 1988  |t 0  |l Remote Storage